00425 2200169 4500001002100000008004100021035002000062245002100082100001500103260004200118300002600160020002200186084001400208082000800222650001000230990001500240INLIS000000000003289 ind  a0010-1225000110 aHellocTere Liye aLiye, Tere aDepokbPT. Sabak Grip Nusantarac2025 a320 hlmc13,5 x 20 cm a978-623-8829-68-2 a813 TER h a813 aFiksi a19764/B/26